000 00723nam a2200181Ia 4500
008 151018s9999 xx 000 0 und d
082 _bRBASDV6108
_a891.461
100 _aनरहर गणेश जोशी
245 _aसार्थ संदीप महाभारत भाग ८ वा
250 _b1
260 _bदामोदर सावळाराम धंदे
_c1937
300 _a70
600 _aनरहर गणेश जोशी
630 _aसार्थ संदीप महाभारत भाग ८ वा
700 _aनरहर गणेश जोशी
730 _aसार्थ संदीप महाभारत भाग ८ वा
942 _cBOOK
999 _c1008486
_d1008483